Online Catalogue and eLibrary

An introduction to Social psychology (Record no. 735)

MARC details
000 -LEADER
fixed length control field 00441nam a2200181Ia 4500
005 - DATE AND TIME OF LATEST TRANSACTION
control field 20240703054517.0
008 - FIXED-LENGTH DATA ELEMENTS--GENERAL INFORMATION
fixed length control field 240331s9999 xx 000 0 und d
020 ## - INTERNATIONAL STANDARD BOOK NUMBER
ISBN 0852265271
082 ## - DDC Classification
Class No. 150
Item Number - Author Mark LIN
100 ## - MAIN ENTRY--PERSONAL NAME
Personal name Lindgren, H.C
245 #4 - TITLE STATEMENT
Title An introduction to Social psychology
250 ## - EDITION STATEMENT
Edition statement 2nd
260 ## - PUBLICATION, DISTRIBUTION, ETC.
Place of publication, distribution, etc. New Delhi
Name of publisher, distributor, etc. Wiley Eastern Limited
Date of publication, distribution, etc. 1973
300 ## - PHYSICAL DESCRIPTION
Extent (e.g. Volumes, Pages etc.) xiv, 497 p .,
650 ## - SUBJECT ADDED ENTRY--TOPICAL TERM
Topical term or geographic name entry element Social
650 ## - SUBJECT ADDED ENTRY--TOPICAL TERM
Topical term or geographic name entry element Psychology
942 ## - Koha item type (Biblio)
Koha item type Books in Stacks (Lending)
Holdings
Lost status Damaged status Collection code Home library Current library Shelving location Date acquired Full call number Accession Number Item type
    Lending WERC Library WERC Library Social Science Cupboard 03/31/2024 150 LIN 3790 Books in Stacks (Lending)

© WERC Library